| 000 | 00691nam a2200121Ia 4500 | ||
|---|---|---|---|
| 008 | 220620s9999||||xx |||||||||||||| ||und|| | ||
| 100 | _aTreusch, Pat | ||
| 245 | 0 |
_aRobotic Knitting _bRe-Crafting Human-Robot Collaboration Through Careful Coboting |
|
| 546 | _aEnglish[eng] | ||
| 650 | _aRobots||Technofeminsim||Cobots||Interdisciplinarity||AI||Technology||Gender||Science||Sociology of Technology||Gender Studies||Sociology of Science||Body||Sociology | ||
| 856 | _uhttps://library.oapen.org/bitstream/20.500.12657/47130/1/ts5203_1.pdf||https://library.oapen.org/bitstream/20.500.12657/47130/4/ts5203_1.pdf||https://library.oapen.org/bitstream/20.500.12657/47130/4/ts5203_1.pdf | ||
| 942 | _cEB | ||
| 999 |
_c33492 _d33492 |
||